|
|
|
|
| LEADER |
00000ny a22000003n 4500 |
| 005 |
20110621121242.0 |
| 008 |
100806s2010 sp r 000 0|spa d |
| 035 |
|
|
|a 4987
|
| 040 |
|
|
|a BUS
|d vLex
|
| 090 |
|
|
|c 932
|d 932
|
| 100 |
1 |
|
|a Romero Candau, Pedro A.
|
| 245 |
1 |
0 |
|a Anales de la Academia Sevillana del Notariado
|h [Recurso electrn̤ico]
|p Tomo 19:
|b Conferencias del curso acadm̌ico 2007-2008 /
|c Pedro Romero Candau, Ricardo Cabanas Trejo
|
| 256 |
|
|
|a Servicio en ln̕ea
|
| 260 |
|
|
|a Sevilla :
|b Academia Sevillana del Notariado,
|c 2009
|
| 506 |
1 |
|
|a Contenido solo disponible en los productos indicados
|d vLex Global
|d vLex Global (Academic Edition, excluding Law Schools)
|d vLex Global (U.S. Academic Edition, Law Schools)
|d vLex Global (U.S. Academic Edition, excluding Law Schools)
|d vLex Global (Academic Edition, Law Schools)
|
| 650 |
0 |
7 |
|a Derecho civil
|2 Tesauro vLex
|
| 650 |
0 |
7 |
|a Derecho mercantil
|2 Tesauro vLex
|
| 650 |
0 |
7 |
|a Jurisdiccin̤ voluntaria
|2 Tesauro vLex
|
| 650 |
0 |
7 |
|a Notariado
|2 Tesauro vLex
|
| 700 |
1 |
|
|a Cabanas Trejo, Ricardo,
|e coaut.
|
| 710 |
2 |
|
|a Academia Sevillana del Notariado
|
| 740 |
0 |
|
|a vLex Libros (Servicios en ln̕ea)
|
| 856 |
4 |
0 |
|z Acceso restringido
|u http://vlex.com/source/4987
|
| 942 |
|
|
|c BOOK
|